Miasta w województwie wielkopolskim - Statystyki

Ogólne statystyki
  • Ten quiz został rozwiązany 74 razy
    9 od ostatniego zresetowania
  • Średni wynik to 40 z 120
Statystyki odpowiedzi
ludność miasta % Poprawnych
534,913 poznań
100%
91,515 kalisz
86%
69,748 piła
86%
63,143 gniezno
71%
28,804 krotoszyn
71%
59,521 leszno
71%
68,949 ostrów wielkopolski
71%
31,857 września
71%
17,489 chodzież
57%
26,410 jarocin
57%
19,284 koło
57%
66,103 konin
57%
32,848 luboń
57%
13,702 nowy tomyśl
57%
17,534 oborniki
57%
19,624 rawicz
57%
28,262 śrem
57%
24,339 środa wielkopolska
57%
28,392 swarzędz
57%
18,398 szamotuły
57%
24,977 turek
57%
11,630 wolsztyn
57%
9,992 czarnków
43%
5,321 czempiń
43%
20,023 gostyń
43%
13,857 kępno
43%
6,245 kłodawa
43%
7,784 kórnik
43%
9,677 kostrzyn
43%
5,943 krzyż wielkopolski
43%
3,038 lwówek
43%
10,666 międzychód
43%
4,941 odolanów
43%
8,188 pniewy
43%
6,053 sieraków
43%
16,496 trzcianka
43%
25,457 wągrowiec
43%
10,562 wronki
43%
16,607 złotów
43%
2,522 borek wielkopolski
29%
5,502 buk
29%
1,666 chocz
29%
2,004 dąbie
29%
1,352 dobra
29%
2,949 dobrzyca
29%
5,682 golina
29%
1,943 grabów nad prosną
29%
15,141 grodzisk wielkopolski
29%
1,936 jutrosin
29%
2,904 kaczory
29%
3,288 kobylin
29%
23,563 kościan
29%
6,091 koźmin wielkopolski
29%
1,677 krzywiń
29%
2,745 książ wielkopolski
29%
3,022 margonin
29%
3,126 miejska górka
29%
1,888 mikstat
29%
3,464 miłosław
29%
13,762 mosina
29%
10,287 murowana goślina
29%
3,856 nekla
29%
2,375 obrzycko
29%
3,983 okonek
29%
3,481 opatówek
29%
2,380 osieczna
29%
14,095 ostrzeszów
29%
17,356 pleszew
29%
9,850 pobiedziska
29%
1,726 przedecz
29%
9,778 puszczykowo
29%
2,958 pyzdry
29%
3,613 rakoniewice
29%
11,206 rogoźno
29%
1,347 rychtal
29%
2,366 rychwał
29%
2,754 rydzyna
29%
3,136 ślesin
29%
13,353 słupca
29%
5,580 śmigiel
29%
3,614 sompolno
29%
1,353 stawiszyn
29%
5,874 stęszew
29%
2,729 sulmierzyce
29%
4,305 szamocin
29%
7,355 trzemeszno
29%
3,052 tuliszków
29%
3,591 ujście
29%
5,989 wieleń
29%
5,174 wyrzysk
29%
4,360 zduny
29%
2,948 bojanowo
14%
4,648 budzyń
14%
2,612 czerniejewo
14%
1,568 dolsk
14%
3,360 gołańcz
14%
1,374 jaraczewo
14%
8,671 jastrowie
14%
2,647 kłecko
14%
1,815 koźminek
14%
4,284 krobia
14%
2,812 łobżenica
14%
1,080 miasteczko krajeńskie
14%
4,578 nowe skalmierzyce
14%
9,319 opalenica
14%
1,958 ostroróg
14%
2,098 pogorzela
14%
2,841 poniec
14%
2,099 raszków
14%
4,799 skoki
14%
7,529 witkowo
14%
2,703 wysoka
14%
2,831 zagórów
14%
2,573 zaniemyśl
14%
7,242 zbąszyń
14%
2,109 żerków
14%
4,073 kleczew
0%
3,452 krajenka
0%
2,410 mieścisko
0%
1,696 wielichowo
0%
Nie znaleziono quizów pasujących do podanych kryteriów
Rozkład punktacji
Procent ludzi z każdym wynikiem
Percentyl według liczby udzielonych odpowiedzi
Twoja historia wyników
Nie rozwiązałeś tego quizu od ostatniego zresetowania